Tan Sri Aishah Ghani (Record no. 88669)

MARC details
000 -LEADER
fixed length control field 00881nam a2200289 i 4500
001 - CONTROL NUMBER
control field C2-0282416
003 - CONTROL NUMBER IDENTIFIER
control field PPAK
005 - DATE AND TIME OF LATEST TRANSACTION
control field 20180728012757.0
008 - FIXED-LENGTH DATA ELEMENTS--GENERAL INFORMATION
fixed length control field 071007s2007 my a|||| ||||| | may d
020 ## - INTERNATIONAL STANDARD BOOK NUMBER
International Standard Book Number 9789838093880
040 ## - CATALOGING SOURCE
Original cataloging agency PPAK
Language of cataloging eng
Transcribing agency PPAK
Description conventions rda
082 04 - DEWEY DECIMAL CLASSIFICATION NUMBER
Classification number 923.2595
Edition number 23
090 00 - LOCALLY ASSIGNED LC-TYPE CALL NUMBER (OCLC); LOCAL CALL NUMBER (RLIN)
Classification number (OCLC) (R) ; Classification number, CALL (RLIN) (NR) 923.2595
Feature heading EMA
Feature heading G
Classification number (OCLC) (R) ; Classification number, CALL (RLIN) (NR) 923.2595
Feature heading EMA
Feature heading K
Classification number (OCLC) (R) ; Classification number, CALL (RLIN) (NR) 923.2595
Feature heading EMA
Feature heading RK
100 0# - MAIN ENTRY--PERSONAL NAME
Personal name E-man,
Relator term author
245 10 - TITLE STATEMENT
Title Tan Sri Aishah Ghani
264 #1 - PRODUCTION, PUBLICATION, DISTRIBUTION, MANUFACTURE, AND COPYRIGHT NOTICE
Place of production, publication, distribution, manufacture Kuala Lumpur :
Name of producer, publisher, distributor, manufacturer Cipta Publishing ,
Date of production, publication, distribution, manufacture, or copyright notice 2007
300 ## - PHYSICAL DESCRIPTION
Extent 52 pages :
Other physical details colour illustrations ;
Dimensions 30 cm
336 ## - CONTENT TYPE
Source rdacontent
Content type term text
337 ## - MEDIA TYPE
Source rdamedia
Media type term unmediated
338 ## - CARRIER TYPE
Source rdacarrier
Carrier type term volume
490 1# - SERIES STATEMENT
Series statement Siri tokoh negarawan Malaysia
650 10 - SUBJECT ADDED ENTRY--TOPICAL TERM
Topical term or geographic name entry element Aishah Haji Abdul Ghani, Tan Sri Datin Paduka. ; Politicians - Malaysia - Biography.
830 #0 - SERIES ADDED ENTRY--UNIFORM TITLE
Uniform title Siri tokoh negarawan Malaysia
942 ## - ADDED ENTRY ELEMENTS (KOHA)
-- dc
Koha item type Book
Holdings
Withdrawn Not for loan Current library Shelving location Date acquired Full call number Barcode Date last seen Koha item type Total Checkouts
    Perpustakaan Alor Setar Pinjaman Kanak-kanak 24/05/2015 K 923.2595 EMA A00875567 09/05/2018 Book  
  Not For Loan Perpustakaan Alor Setar Rujukan Kanak-kanak 07/10/2007 RK 923.2595 EMA A01202737 09/05/2018 Book  
  Not For Loan Perpustakaan Awam Sungai Petani Rujukan Kanak-kanak 07/10/2007 RK 923.2595 EMA A01202738 09/05/2018 Book  
  Not For Loan Perpustakaan Jitra Rujukan Kanak-kanak 07/10/2007 RK 923.2595 EMA A01202739 09/05/2018 Book  
  Not For Loan Perpustakaan Kulim Rujukan Kanak-kanak 07/10/2007 RK 923.2595 EMA A01202740 09/05/2018 Book  
  Not For Loan Perpustakaan Langkawi Rujukan Kanak-kanak 07/10/2007 RK 923.2595 EMA A01202741 09/05/2018 Book  
    PD04, Kg. Bukit Nambua, Kuala Nerang Pinjaman Kanak-kanak 13/03/2017 K 923.2595 EMA A00730329 09/05/2018 Book  
    PD12, Kg. Padang, Baling Pinjaman Kanak-kanak 17/11/2015 K 923.2595 EMA A00118955 09/05/2018 Book  
    PD13, KEDA Lahar Tunjung, Pendang Pinjaman Dewasa 13/08/2014 923.2595 EMA A00870823 09/05/2018 Book  
  Not For Loan PD38, KEDA Tanjung Setol, Pendang Rujukan Kanak-kanak 19/01/2015 RK 923.2595 EMA A00873048 09/05/2018 Book